Tous les albums certifiés disque de diamant en France de 2016 à 2024 - Statistiques

Statistiques générales
  • Ce quiz a été pris 16 fois
  • Le résultat moyen est 9 sur 42
Statistiques - réponses
Année Artiste Nom de l'album % Correct
2016 Julien Doré &
100%
2016 PNL Dans la légende
53%
2020 Ninho M.I.L.S 3.0
53%
2017 Niska Commando
47%
2021 Ninho Jefe
47%
2017 Ninho Comme prévu
40%
2020 Maes Les Derniers Salopards
40%
2018 Damso Lithopédion
40%
2018 Ninho M.I.L.S 2.0
40%
2024 Werenoi Pyramide
40%
2017 Booba Trône
40%
2020 PLK Enna
33%
2021 SCH JVLIVS II
33%
2022 Gazo KMT
33%
2024 Gims Le Nord se souvient
33%
2020 Damso QALF
33%
2019 Jul Rien 100 Rien
33%
2016 Jul L'Ovni
27%
2016 Nekfeu Cyborg
20%
2016 Jul Émotions
20%
2022 Tiakola Mélo
20%
2018 Aya Nakamura Nakamura
20%
2018 Lomepal Jeannine
13%
2018 Soprano Phoenix
13%
2017 Indochine 13
7%
2019 Lady Gaga A Star Is Born
7%
2021 Tayc Fleur froide
7%
2017 Bigflo et Oli La vraie vie
7%
2017 Louane Louane
7%
2019 Dadju Poison ou Antidote
7%
2020 The Weeknd After Hours
0%
2018 Kendji Girac Amigo
0%
2016 Claudio Capéo Claudio Capéo
0%
2016 Céline Dion Encore un soir
0%
2017 Imagine Dragons Evolve
0%
2019 Johnny Hallyday Johnny
0%
2017 Calogero Liberté chérie
0%
2020 Grand Corps Malade Mesdames
0%
2017 M Pokora My Way
0%
2016 Renaud Renaud
0%
2016 Kids United Tout le bonheur du monde
0%
2016 Vianney Vianney
0%
Aucun quiz correspondant
Distribution des résultats
% des personnes avec chaque résultat
Percentile par nombre de réponses
Votre historique - résultats
Vous n’avez pas pris ce quiz